| 000 | 00740cam a22002777a 4500 | ||
|---|---|---|---|
| 003 | CHAP | ||
| 005 | 20220817043124.0 | ||
| 008 | 971013s1986 r 00010 d | ||
| 010 | _a66277 | ||
| 011 | _a67249 | ||
| 035 | _a76719 | ||
| 040 | _cCHAP | ||
| 082 |
_a634.98 _bF37 |
||
| 110 | 2 | _aFAO | |
| 245 | 1 | 0 | _aManagement of forest industries |
| 260 |
_aRome : _bFAO, _c1986 |
||
| 300 |
_a304 p. _b: ilus. |
||
| 490 | 0 |
_aFAO. Montes _v; 69 |
|
| 590 |
_aBATCH-UPD _b10 _c20130110 _lUCH01 _h0848 |
||
| 590 |
_aCONVERSION _b10 _c20130109 _lUCH01 _h1336 |
||
| 650 | 1 | 4 |
_aIndustrias forestales. _957979 |
| 830 | 0 |
_aFAO. Montes _v; 69 _939632 |
|
| 901 | _aBK | ||
| 942 | _cLIBRO | ||
| 949 |
_a634.98 F37 _bBC _cFAO _d-29575 _eFAO1 _h71002 _i76719 _si |
||
| 999 |
_c66277 _d66277 |
||